| 000 | 00000nam 2200000za 4500 |
| 001 | 9.699749 |
| 003 | CaOODSP |
| 005 | 20240807115254 |
| 007 | cr ||||||||||| |
| 008 | 150407s1986 onc o f000 0 eng d |
| 040 | |aCaOODSP|beng |
| 043 | |an-cn--- |
| 086 | 1 |aCP32-52/1986E-PDF |
| 110 | 1 |aCanada. |bCommission of Inquiry on War Criminals. |
| 245 | 10|aReport. |nPart one, |pPublic |h[electronic resource] / |cJules Deschè‚nes, commissioner. |
| 246 | 15|aFindings and recommendations |
| 246 | 34|aCommission of Inquiry on War Criminals, report |
| 260 | |aOttawa : |bThe Commission, |c1986. |
| 300 | |aix, 966 p. |
| 500 | |aPublication digitized in 2012 by Privy Council Office of Canada. |
| 500 | |a"In view of the nature of this inquiry, my Report is divided into two Parts: Part I, which is designed for publication; Part II, which is destined to remain confidential."--Letter of Transmittal, p.3 of 955. |
| 500 | |aIncludes: "Findings and recommendations" (Part II, Chapter I) 13 p. |
| 504 | |aIncludes bibliographical references (pages 951-966). |
| 590 | |a15-04-Supp|b2015-03-19 |
| 690 | 07|aCommissions of inquiry|2gcpds |
| 690 | 07|aWar crimes|2gcpds |
| 690 | 07|aWorld war, 1939-1945|2gcpds |
| 775 | 08|tRapport. |w(CaOODSP)9.643727 |
| 856 | 40|qPDF|s8.48 MB|uhttps://publications.gc.ca/collections/collection_2014/bcp-pco/CP32-52-1986-1-eng.pdf |
| 856 | 40|qPDF|s8.71 MB|uhttps://publications.gc.ca/collections/collection_2014/bcp-pco/CP32-52-1986-2-eng.pdf |
| 856 | 40|ahttp://publications.gc.ca|qPDF|s8.26 MB|uhttps://publications.gc.ca/collections/collection_2014/bcp-pco/CP32-52-1986-3-eng.pdf |
| 856 | 40|ahttp://publications.gc.ca|qPDF|s7.74 MB|uhttps://publications.gc.ca/collections/collection_2014/bcp-pco/CP32-52-1986-4-eng.pdf |
| 856 | 40|ahttp://publications.gc.ca|qPDF|s767 KB|uhttps://publications.gc.ca/collections/collection_2014/bcp-pco/CP32-52-1986-5-eng.pdf |